Prueba de los Estados Federados de Micronesia - Estadísticas

Estadísticas generales
  • Esta prueba ha sido intentada 522 veces
  • La puntuación promedio es 9 de 15
Estadísticas de respuestas
Pista Respuesta % Correcto
Idioma oficial Inglés
96%
EFM tiene 607 ____ Islas
92%
País que administró los EFM de 1947 a 1986 Estados Unidos
91%
País que invadió y capturó las islas en 1914 Japón
87%
País que colonizó los EFM de 1574 a 1899 España
80%
Países más cercanos, sin incluir territorios de ultramar Palaos
75%
Países más cercanos, sin incluir territorios de ultramar Nauru
73%
El país que compró los EFM en 1899 Alemania
69%
Países más cercanos, sin incluir territorios de ultramar Papua Nueva Guinea
67%
Capital Palikir
64%
Un archipiélago muy disperso que se extiende por los EFM y Palau, llamado así por Carlos II de España. Islas {Carolinas}
38%
En la isla de Yap, se pueden ver muchos discos de piedra con forma de dona, algunos de hasta 3,6 metros de diámetro. ¿Para qué se usaron estas piedras? Dinero
24%
La ciudad más poblada Weno
19%
La lengua indígena más hablada {Chuuk}és
17%
La isla más grande por área Ponapé
17%
No se encontraron pruebas coincidentes
Distribución de puntuación
Porcentaje de gente con cada puntuación
Porcentaje por número respondido
Historial de tus puntuaciones
No has intentado esta prueba.